[Event "Enschede op-A U18"]
[Site "Enschede"]
[Date "2009.08.05"]
[Round "5"]
[White "Daamen, Roland"]
[Black "Van Ee, Winston"]
[Result "1-0"]
[WhiteElo "1782"]
[BlackElo "1330"]
[PlyCount "51"]
[EventDate "2009.08.03"]
[EventType "swiss"]
[EventRounds "9"]
[EventCountry "NED"]
[SourceTitle "CBM 132 Extra"]
[Source "ChessBase"]
[SourceDate "2009.11.03"]
[SourceVersion "1"]
[SourceVersionDate "2009.11.03"]
[SourceQuality "1"]

1. e4 e5 2. Nf3 Nc6 3. Bc4 Bc5 4. c3 Nf6 5. d4 exd4 6. cxd4 Bb4+ 7. Bd2 Bxd2+ 8. Nbxd2 0-0 9. 0-0 d5 10. exd5 Nxd5 11. Bb5 Nce7 12. Rc1 c6 13. Bc4 Ng6 14. Qb3 Ngf4 15. Ne4 b5 16. Bd3 Bf5 17. Rfe1 Re8 18. Ne5 Nxd3 19. Qxd3 Nf6 20. Nxf6+ Qxf6 21. Qf3 Rac8 22. Nxc6 Rxe1+ 23. Rxe1 Kh8 24. h3 a6 25. Ne7 Re8 26. Ng6+ 1-0

[Event "Enschede op-A U18"]
[Site "Enschede"]
[Date "2009.08.05"]
[Round "4"]
[White "Lombaers, Peter"]
[Black "Van Ee, Winston"]
[Result "1-0"]
[WhiteElo "2047"]
[BlackElo "1330"]
[PlyCount "61"]
[EventDate "2009.08.03"]
[EventType "swiss"]
[EventRounds "9"]
[EventCountry "NED"]
[SourceTitle "CBM 132 Extra"]
[Source "ChessBase"]
[SourceDate "2009.11.03"]
[SourceVersion "1"]
[SourceVersionDate "2009.11.03"]
[SourceQuality "1"]

1. e4 e5 2. Nf3 Nc6 3. Bc4 Bc5 4. b4 Bxb4 5. c3 Ba5 6. d4 exd4 7. 0-0 Nf6 8. Ba3 d6 9. e5 dxc3 10. exf6 Qxf6 11. Qc2 Bf5 12. Re1+ Kd7 13. Bd3 Bxd3 14. Qxd3 Rae8 15. Rc1 c2 16. Qxc2 Qxa1 17. Nc3 Qxc3 18. Qf5+ Kd8 19. Rxc3 Bxc3 20. Qxf7 Re7 21. Qb3 Bf6 22. Qxb7 Kd7 23. Qb5 Rb8 24. Qf5+ Kd8 25. Qxh7 Bb2 26. Bxb2 Rxb2 27. h4 Rxa2 28. Qg8+ Kd7 29. Qxa2 Kc8 30. Qa6+ Kd7 31. Qa4 1-0

[Event "Enschede op-A U18"]
[Site "Enschede"]
[Date "2009.08.04"]
[Round "3"]
[White "Van Ee, Winston"]
[Black "Severijnen, Marion"]
[Result "0-1"]
[WhiteElo "1330"]
[BlackElo "1642"]
[PlyCount "74"]
[EventDate "2009.08.03"]
[EventType "swiss"]
[EventRounds "9"]
[EventCountry "NED"]
[SourceTitle "CBM 132 Extra"]
[Source "ChessBase"]
[SourceDate "2009.11.03"]
[SourceVersion "1"]
[SourceVersionDate "2009.11.03"]
[SourceQuality "1"]

1. e4 e5 2. Nf3 Nc6 3. Bc4 Bc5 4. Nc3 Nf6 5. d3 h6 6. Bd2 d6 7. Qe2 Bg4 8. 0-0-0 Nd4 9. Qf1 Nxf3 10. gxf3 Bxf3 11. Rg1 Bxd1 12. Kxd1 g6 13. Qg2 Qd7 14. Qf3 Qe7 15. Qh3 Nh5 16. Nd5 Qd7 17. Qh4 c6 18. Nf6+ Nxf6 19. Qxf6 Rg8 20. Bxh6 Qe7 21. Qf3 Rh8 22. Bg5 Qd7 23. a3 Bb6 24. c3 Bd8 25. Be3 Rxh2 26. Rh1 Rxh1+ 27. Qxh1 Qg4+ 28. Kd2 Qh5 29. Qg2 Bh4 30. Qh3 Ke7 31. d4 Bxf2 32. Qxh5 Bxe3+ 33. Kxe3 gxh5 34. dxe5 dxe5 35. Kf3 Rg8 36. Bf1 h4 37. b4 Rg3+ 0-1